|
|
|
|
| LEADER |
00000nam0a2200000 4500 |
| 001 |
88495 |
| 005 |
20231101213614.0 |
| 010 |
|
|
|a 5811405510
|
| 035 |
|
|
|a (RuTPU)RU\TPU\book\94979
|
| 090 |
|
|
|a 88495
|
| 100 |
|
|
|a 20051226d2004 m y0rusy50 ca
|
| 101 |
0 |
|
|a rus
|
| 102 |
|
|
|a RU
|
| 105 |
|
|
|a a j 001zy
|
| 200 |
1 |
|
|a Древний Египет. Скифский мир
|e хрестоматия
|f сост. И. Химик
|
| 210 |
|
|
|a СПб.
|c Лань
|d 2004
|
| 215 |
|
|
|a 800 с.
|c ил.
|
| 225 |
1 |
|
|a Мировая художественная культура
|
| 225 |
1 |
|
|a Мир культуры, истории и философии
|
| 320 |
|
|
|a Указатель источников: с. 790-792.
|
| 320 |
|
|
|a Словарь терминов: с. 793-799.
|
| 330 |
|
|
|a Издательство «Лань» приступило к публикации серии книг «Мировая художественная культура», частью этой серии стала хрестоматия, состоящая из нескольких книг. Данный том хрестоматии посвящен художественной культуре, формировавшейся в земледельческих цивилизациях и кочевых обществах. Книга представляет собой особым образом отобранные фрагменты работ отечественных и зарубежных ученых, охватывающие разные области истории искусства, эстетики, философии, культурологии. Более чем 100 известных исследователей развивают внутреннюю тему тома — становление и развитие художественной культуры Древнего Египта и скифского мира. В книгу включено более 800 иллюстраций, воспроизводящих самые замечательные памятники древнеегипетского искусства и скифского звериного стиля. Издание адресовано преподавателям и студентам, изучающим мировую художественную культуру, однако книга будет полезна и широкому кругу читателей, интересующихся историей культуры и художественного творчества.
|
| 606 |
1 |
|
|a Египет Древний
|x История
|2 stltpush
|3 (RuTPU)RU\TPU\subj\58987
|9 76656
|
| 606 |
1 |
|
|a Скифы
|x История
|2 stltpush
|3 (RuTPU)RU\TPU\subj\80986
|9 88418
|
| 610 |
1 |
|
|a культура
|
| 610 |
1 |
|
|a история
|
| 610 |
1 |
|
|a мировая культура
|
| 610 |
1 |
|
|a скифский мир
|
| 610 |
1 |
|
|a первобытнообщинный строй
|
| 610 |
1 |
|
|a первобытная культура
|
| 610 |
1 |
|
|a кочевники
|
| 610 |
1 |
|
|a Древний Восток
|
| 610 |
1 |
|
|a синкретизм
|
| 610 |
1 |
|
|a мифы
|
| 610 |
1 |
|
|a мифотворчество
|
| 610 |
1 |
|
|a фольклор
|
| 610 |
1 |
|
|a Древний Египет
|
| 610 |
1 |
|
|a мифология
|
| 610 |
1 |
|
|a этнография
|
| 610 |
1 |
|
|a жилье
|
| 610 |
1 |
|
|a быт
|
| 610 |
1 |
|
|a пища
|
| 610 |
1 |
|
|a одежда
|
| 610 |
1 |
|
|a семья
|
| 610 |
1 |
|
|a храмы
|
| 610 |
1 |
|
|a мышление
|
| 610 |
1 |
|
|a материальная культура
|
| 610 |
1 |
|
|a искусство
|
| 610 |
1 |
|
|a художники
|
| 610 |
1 |
|
|a архитектура
|
| 610 |
1 |
|
|a скульптура
|
| 610 |
1 |
|
|a живопись
|
| 610 |
1 |
|
|a роспись
|
| 610 |
1 |
|
|a ремесло
|
| 610 |
1 |
|
|a декоративно-прикладное искусство
|
| 610 |
1 |
|
|a письменность
|
| 610 |
1 |
|
|a музыка
|
| 610 |
1 |
|
|a театр
|
| 610 |
1 |
|
|a сословная организация
|
| 610 |
1 |
|
|a скифская мифология
|
| 610 |
1 |
|
|a курганы
|
| 610 |
1 |
|
|a звериный стиль
|
| 610 |
1 |
|
|a скифское искусство
|
| 610 |
1 |
|
|a ремесло
|
| 610 |
1 |
|
|a изобразительное искусство
|
| 610 |
1 |
|
|a картина мира
|
| 610 |
1 |
|
|a хрестоматии
|
| 610 |
1 |
|
|a учебные пособия
|
| 686 |
|
|
|a Ч113
|v LBC/SL-A
|2 rubbk
|
| 686 |
|
|
|a Т3(0)31
|v LBC/SL-A
|2 rubbk
|
| 686 |
|
|
|a Т3(2)2
|v LBC/SL-A
|2 rubbk
|
| 702 |
|
1 |
|a Химик
|b И.
|g Ирина
|4 220
|
| 801 |
|
1 |
|a RU
|b 63413507
|c 20051226
|g PSBO
|
| 801 |
|
2 |
|a RU
|b 63413507
|c 20230323
|g PSBO
|
| 900 |
|
|
|a Мировая культура и искусство
|
| 942 |
|
|
|c BK
|
| 959 |
|
|
|a 118/20051223
|d 1
|e 366,30
|f НФ:1
|